Bailout nation : how greed and easy money corrupted Wall Street and shook the world economy (E-Book) (Record no. 193268)
[ view plain ]
| 000 -LEADER | |
|---|---|
| fixed length control field | 01454 a2200265 4500 |
| 003 - CONTROL NUMBER IDENTIFIER | |
| control field | Nust |
| 005 - DATE AND TIME OF LATEST TRANSACTION | |
| control field | 20170207154054.0 |
| 010 ## - LIBRARY OF CONGRESS CONTROL NUMBER | |
| LC control number | 2009015531 |
| 020 ## - INTERNATIONAL STANDARD BOOK NUMBER | |
| International Standard Book Number | 9780470520383 (cloth) |
| 040 ## - CATALOGING SOURCE | |
| Transcribing agency | Nust |
| 082 00 - DEWEY DECIMAL CLASSIFICATION NUMBER | |
| Classification number | 332.10973 |
| 100 1# - MAIN ENTRY--PERSONAL NAME | |
| Personal name | Barry Ritholtz with Aaron Task. |
| 245 10 - TITLE STATEMENT | |
| Title | Bailout nation : how greed and easy money corrupted Wall Street and shook the world economy (E-Book) |
| Statement of responsibility, etc. | Barry Ritholtz with Aaron Task. |
| 260 ## - PUBLICATION, DISTRIBUTION, ETC. | |
| Place of publication, distribution, etc. | Hoboken, N.J. : |
| Name of publisher, distributor, etc. | John Wiley & Sons, |
| Date of publication, distribution, etc. | c2009. |
| 300 ## - PHYSICAL DESCRIPTION | |
| Extent | xx, 332 p. : |
| Other physical details | ill. ; |
| Dimensions | 24 cm. |
| 500 ## - GENERAL NOTE | |
| General note | Includes index. |
| 505 0# - FORMATTED CONTENTS NOTE | |
| Formatted contents note | A brief history of bailouts -- The creation of the Federal Reserve, and its role in creating our bailout nation -- Pre-bailout nation : (1860-1942) -- Industrial-era bailouts (1971-1995) -- Stock market bailouts, 1987-1995 -- The irrational exuberance era (1996-1999) -- The tech wreck, 2000-2003 -- The backwards, rate-driven economy -- The mad scramble for yield -- The machinery of subprime -- A memo found in the street : Uncle Sam the enabler. |
| 650 #0 - SUBJECT ADDED ENTRY--TOPICAL TERM | |
| Topical term or geographic name entry element | Bailouts (Government policy) |
| 650 #0 - SUBJECT ADDED ENTRY--TOPICAL TERM | |
| Topical term or geographic name entry element | Finance |
| General subdivision | Government policy |
| Geographic subdivision | United States. |
| 650 #0 - SUBJECT ADDED ENTRY--TOPICAL TERM | |
| Topical term or geographic name entry element | Financial crises |
| Geographic subdivision | United States. |
| 650 #0 - SUBJECT ADDED ENTRY--TOPICAL TERM | |
| Topical term or geographic name entry element | Intervention (Federal government) |
| 651 #0 - SUBJECT ADDED ENTRY--GEOGRAPHIC NAME | |
| Geographic name | Bailout nation : how greed and easy money corrupted Wall Street and shook the world economy (E-Book) |
| General subdivision | Economic policy |
| Chronological subdivision | 2001-2009. |
| 651 #0 - SUBJECT ADDED ENTRY--GEOGRAPHIC NAME | |
| Geographic name | United States |
| General subdivision | Economic conditions |
| Chronological subdivision | 2001-2009. |
| 700 1# - ADDED ENTRY--PERSONAL NAME | |
| Personal name | Task, Aaron. |
| 942 ## - ADDED ENTRY ELEMENTS (KOHA) | |
| Source of classification or shelving scheme | |
| Koha item type | Book |
| Withdrawn status | Lost status | Source of classification or shelving scheme | Damaged status | Not for loan | Collection code | Permanent Location | Current Location | Date acquired | Total Checkouts | Full call number | Barcode | Date last seen | Price effective from | Koha item type |
|---|---|---|---|---|---|---|---|---|---|---|---|---|---|---|
| Military College of Signals (MCS) | Military College of Signals (MCS) | 12/12/2016 | 332.10973 RIT | MCSEB-2919 | 12/08/2016 | 12/12/2016 | Book |
